<?xml version="1.0" encoding="UTF-8"?>
<record
    xmlns:xsi="http://www.w3.org/2001/XMLSchema-instance"
    xsi:schemaLocation="http://www.loc.gov/MARC21/slim http://www.loc.gov/standards/marcxml/schema/MARC21slim.xsd"
    xmlns="http://www.loc.gov/MARC21/slim">

  <leader>01465nam a2200349 i 4500</leader>
  <controlfield tag="003">DO-SdBNP</controlfield>
  <controlfield tag="005">20240809112646.0</controlfield>
  <controlfield tag="006">a||||br|||| 00| 0 </controlfield>
  <controlfield tag="007">ta</controlfield>
  <controlfield tag="008">240809m19731966ag ad||| |||| 00| 0 spa d</controlfield>
  <datafield tag="040" ind1=" " ind2=" ">
    <subfield code="a">DO-SdBNP</subfield>
    <subfield code="b">spa</subfield>
    <subfield code="c">bnphu</subfield>
    <subfield code="e">rda</subfield>
  </datafield>
  <datafield tag="082" ind1=" " ind2="4">
    <subfield code="2">22</subfield>
    <subfield code="b">D725d 1973</subfield>
  </datafield>
  <datafield tag="100" ind1="1" ind2=" ">
    <subfield code="a">Dottrens, Robert</subfield>
    <subfield code="e">autor</subfield>
    <subfield code="9">86257</subfield>
  </datafield>
  <datafield tag="245" ind1="1" ind2="0">
    <subfield code="a">Didactica para la escuela primaria /</subfield>
    <subfield code="c">Robert Dotrens; Adolfo Millo, Gaston Mialaret Michael Ray, Edmond Rast.</subfield>
  </datafield>
  <datafield tag="250" ind1=" " ind2=" ">
    <subfield code="a">Tercera edici&#xF3;n</subfield>
  </datafield>
  <datafield tag="264" ind1=" " ind2="1">
    <subfield code="a">Argentina, Buenos Aires :</subfield>
    <subfield code="b">Editorial Universitaria de Buenos Aires,</subfield>
    <subfield code="c">1973</subfield>
  </datafield>
  <datafield tag="264" ind1=" " ind2="4">
    <subfield code="a">Argentina, Buenos Aires :</subfield>
    <subfield code="b">Unesco,</subfield>
    <subfield code="c">&#xA9;1966</subfield>
  </datafield>
  <datafield tag="300" ind1=" " ind2=" ">
    <subfield code="a">415 p&#xE1;ginas :</subfield>
    <subfield code="b">ilustraciones ;</subfield>
    <subfield code="c">22 cm.</subfield>
  </datafield>
  <datafield tag="336" ind1=" " ind2=" ">
    <subfield code="2">rdacontent</subfield>
    <subfield code="a">texto</subfield>
    <subfield code="b">txt</subfield>
  </datafield>
  <datafield tag="337" ind1=" " ind2=" ">
    <subfield code="2">rdamedia</subfield>
    <subfield code="a">sin mediaci&#xF3;n</subfield>
    <subfield code="b">n</subfield>
  </datafield>
  <datafield tag="338" ind1=" " ind2=" ">
    <subfield code="2">rdacarrier</subfield>
    <subfield code="a">volumen</subfield>
    <subfield code="b">nc</subfield>
  </datafield>
  <datafield tag="504" ind1=" " ind2=" ">
    <subfield code="a">Bibliograf&#xED;a: 415-416</subfield>
  </datafield>
  <datafield tag="505" ind1="0" ind2=" ">
    <subfield code="a">Pr&#xF3;logo.-- Prefacio.-- Introducci&#xF3;n.</subfield>
    <subfield code="g">Primera Parte. </subfield>
    <subfield code="t">La Educaci&#xF3;n: Ense&#xF1;ar a conducirse.--</subfield>
    <subfield code="g">Segunda Parte. </subfield>
    <subfield code="t">La Ense&#xF1;anza: Ense&#xF1;ar a aprender.--</subfield>
    <subfield code="g">Tercera Parte.</subfield>
    <subfield code="t">La Ense&#xF1;anza de la Lengua Materna.--</subfield>
    <subfield code="g">Cuarta Parte.</subfield>
    <subfield code="t">Metodolog&#xED;a de las Ense&#xF1;anzas Fundamentales.--</subfield>
    <subfield code="g">Bibliograf&#xED;a.</subfield>
  </datafield>
  <datafield tag="590" ind1=" " ind2=" ">
    <subfield code="a">Inventariado 2024  / MF</subfield>
  </datafield>
  <datafield tag="700" ind1="1" ind2=" ">
    <subfield code="a">Millo Adolfo</subfield>
    <subfield code="9">86258</subfield>
  </datafield>
  <datafield tag="700" ind1="1" ind2=" ">
    <subfield code="a">Mialaret, Gaston</subfield>
    <subfield code="9">86259</subfield>
  </datafield>
  <datafield tag="700" ind1="1" ind2=" ">
    <subfield code="a">Ray, Michael </subfield>
    <subfield code="9">86260</subfield>
  </datafield>
  <datafield tag="700" ind1="1" ind2=" ">
    <subfield code="a">Rast, Edmond</subfield>
    <subfield code="9">86261</subfield>
  </datafield>
  <datafield tag="710" ind1="2" ind2=" ">
    <subfield code="a">Unesco</subfield>
    <subfield code="9">19805</subfield>
  </datafield>
  <datafield tag="710" ind1="2" ind2=" ">
    <subfield code="a">Universidad Universitaria de Buenos Aires</subfield>
    <subfield code="9">86262</subfield>
  </datafield>
  <datafield tag="942" ind1=" " ind2=" ">
    <subfield code="2">ddc</subfield>
    <subfield code="c">LBS1</subfield>
  </datafield>
  <datafield tag="952" ind1=" " ind2=" ">
    <subfield code="0">0</subfield>
    <subfield code="1">0</subfield>
    <subfield code="2">ddc</subfield>
    <subfield code="5">6</subfield>
    <subfield code="7">0</subfield>
    <subfield code="8">GR</subfield>
    <subfield code="a">BNPHU</subfield>
    <subfield code="b">BNPHU</subfield>
    <subfield code="c">CT</subfield>
    <subfield code="d">2015-07-21</subfield>
    <subfield code="e">Donado por B&#xE1;rbara Suncar</subfield>
    <subfield code="l">0</subfield>
    <subfield code="o">D725d 1973</subfield>
    <subfield code="p">2024-4726</subfield>
    <subfield code="r">2024-08-09</subfield>
    <subfield code="w">2024-08-09</subfield>
    <subfield code="y">LBS1</subfield>
  </datafield>
  <datafield tag="999" ind1=" " ind2=" ">
    <subfield code="c">57397</subfield>
    <subfield code="d">57397</subfield>
  </datafield>
</record>
